| 000 | 01288cam a2200253 a 4500 | ||
|---|---|---|---|
| 001 | 000010246 | ||
| 005 | 20200929162217.0 | ||
| 008 | 980520s1997 mx a f001 0 spa | ||
| 020 | _a9686773436 | ||
| 020 | _a9701807871 | ||
| 040 |
_aDO-SdBNP _bspa _cLC _dBNPHU |
||
| 082 |
_aM862.44 _bN964t |
||
| 245 | 0 | 3 |
_aEl nuevo teatro / _cselección e introducción Victor Hugo Rascón Banda. |
| 260 |
_aMéxico, D. F. : _bEl Milagro : _bConsejo Nacional para la Cultura y las Artes, _c1997. |
||
| 300 |
_a573 p. : _bil. ; _c21 cm. |
||
| 490 | 1 | _aNuestro Teatro | |
| 505 | 0 | _aIntroducción. Víctor Hugo Rascón Banda -- Habitación en blanco. Estela Lenero Franco -- Dolores o la felicidad. David Olguin -- Lobo. Jorge Celaya -- El motel de los destinos cruzados. Luis Mario Moncada -- El ajedrecista. Jaime Chabaud -- Los niños mutilados. Hugo Salcedo -- Los niños de sal. Hernán Galindo -- Deseos. Ricardo Pérez Quitt -- El viejo de la condesa. Luis Eduard Reyes -- Tren nocturno a Georgia. María Luisa Media. | |
| 650 | 4 |
_aTeatro mexicano _ySIGLO XX. _925256 |
|
| 650 | 4 |
_aLiteratura mexicana _xHistoria y crítica _99844 |
|
| 700 | 1 |
_aRascón Banda, Victor Hugo, _d1948- _eintrod. _925257 |
|
| 830 | 0 |
_aNuestro Teatro _925255 |
|
| 910 | _aCatalogación por copia / LC | ||
| 049 | _aBNGR | ||
| 999 |
_c10005 _d10005 |
||